000 04512cam a22012734i 4500
003 PE-LiUPU
005 20250813185627.0
008 150706s2012 pe a r 000 0 spa d
020 _a9789972254499
035 _a(Sirsi) i9789972254499
040 _aPE-LiUPU
_bspa
_cPE-LiUPU
_erda
049 _aPRUA
082 0 4 _a378.101
_bF23
_221
082 0 4 _a371.207
_bF26
_221
100 1 _aFarro Custodio, Francisco,
_eautor.
_91208
245 1 0 _aPlaneamiento y gestión estratégica para universidades peruanas competitivas :
_bmodelos, estrategias y buenas prácticas /
_cFrancisco Farru Custodio.
264 1 _aLima :
_bUgraph s.a.c.,
_c2012.
300 _a310 páginas :
_bilustraciones ;
_c21 cm.
336 _atext
_2rdacontent
337 _aunmediated
_2rdamedia
338 _avolume
_2rdacarrier
504 _aBibliografía p. 285-289 y Referencias al pie de página.
505 0 _aMarco conceptual y legal de la universidad peruana -- Marco legal de la Universidad Peruana ¿Quienes somos? -- Análisis estratégico de la Universidad Peruana -- ¿A dónde vamos? y ¿Dónde estamos ahora en calidad y competitividad -- Análisis interno y externo de la universidad ¿Dónde queremos estar? -- Planeamiento estratégico de la Universidad Peruana -- ¿Cómo lo vamos a lograr? -- Tres ejemplos de autoevaluación institucional -- Políticas y Programas ¿Qué tenemos que hacer? -- Gestión estratégica de la universidad peruana Siglo XXI -- Necesidad de presupuesto, control e implantación del PEI -- Implementación de recursos y ejecución ¿Con qué planes estratéficos, tácticos y operativos? -- Gestión basada en competencias en instituciones de educación superior -- Modelos de gestión y evaluación en la educación superior Siglo XXI -- Procedimiento para la acreditación establecido por CONEAU 2012 -- Buenas Prácticas Universitarias (BPU) en el Perú -- Monitoreo y seguimiento ¿Cuáles son los logros internos y externos del planeamiento y gestión estratégica?.
526 _aP202
526 _aP201
526 _aP163
526 _aP162
526 _aP161
526 _aP160
526 _aP148
526 _aP147
526 _aP146
526 _aP145
526 _aP144
526 _aP143
526 _aP142
526 _aP141
526 _aP140
526 _aP139
526 _aP138
526 _aP137
526 _aP136
526 _aP135
526 _aP134
526 _aP133
526 _aP129
526 _aP128
526 _aP127
526 _aP120
526 _aP119
526 _aP118
526 _aP116
526 _aP115
526 _aP114
526 _aP110
526 _aP109
526 _aP108
526 _aP104
526 _aP103
526 _aP102
526 _aP99
526 _aP98
526 _aP97
526 _aP96
526 _aP95
526 _aP93
526 _aP90
526 _aP89
526 _aP88
526 _aP83
526 _aP82
526 _aP62
526 _aP59
526 _aP58
526 _aP57
526 _aP51
526 _aP49
526 _aP48
526 _aP47
526 _aP29
526 _aP24
526 _aP20
526 _aP19
526 _aP17
526 _aP15
526 _aP14
526 _aP12
526 _aP10
526 _aP09
526 _aP08
526 _aP07
526 _aP06
526 _aP05
526 _aP04
526 _aP01
541 _g030-0014458;
650 0 4 _aUniversidades
_xPlanificación.
650 0 4 _aUniversidades
_xAdministración.
910 _agl
_cbd
_d20130718
910 _btqv
_caic
_d20161213
942 _2ddc
_cBOOK
949 _a378.101 F23
_wDEWEY
_c1
_i68156
_lCCODEBUL1
_mBUL
_p20.00
_r0
_sY
_tBOOK
_u2015-7-6
_xFCE
_PP04
_o.STAFF. Colección General
949 _a371.207 F26
_wDEWEY
_c1
_iFJ04903
_lCCODEBUJ1
_mBUJ
_p15.00
_r0
_sY
_tBOOK
_u2016-12-13
_xBIBLIOTECA
_zUNKNOWN
_0COMPRA
_o.STAFF. Colección General Juliaca
994 _aC0
_bPEPRU
596 _a1 3
999 _a378.101 F23
_wDEWEY
_c55590
_i68156
_f2021-11-8
_g6
_lCCODEBUL1
_mBUL
_p20.00
_r0
_sN
_tBOOK
_u2015-7-6
_xEDUCACION
_PP04
_o.STAFF. Colección General
_d55590
999 _a371.207 F26 2012
_wDEWEY
_c1
_iFJ04903
_d2018-3-22
_f2022-1-18
_g3
_lCCODEBUJ1
_mBUJ
_p15.00
_q1
_r0
_sY
_tBOOK
_u2016-12-13
_xBIBLIOTECA
_zUNKNOWN
_0COMPRA
_o.STAFF. Colección General Juliaca
980 _81
_gALBERTO SANCHEZ Responsable de Automatización